[Event "Hull op"]
[Site "Hull CAN"]
[Date "1998.10.24"]
[Round "3"]
[White "Brodie, Hugh"]
[Black "Arsenau, Peter"]
[Result "0-1"]
[WhiteElo "2030"]
[BlackElo "1815"]
[PlyCount "71"]
[EventDate "1998.10.23"]
[EventType "swiss"]
[EventRounds "5"]
[EventCountry "CAN"]

1. e4 e5 2. Nc3 Nf6 3. f4 d5 4. fxe5 Nxe4 5. Nf3 Be7 6. d4 Bg4 7. Bd3 Ng5 8.
O-O Nxf3+ 9. gxf3 Bh3 10. Re1 Bh4 11. f4 Nc6 12. Be3 Qd7 13. Be2 O-O-O 14. Bf2
g5 15. Bxh4 gxh4 16. Kf2 Qf5 17. Qd2 f6 18. Bd3 Qe6 19. Ne2 fxe5 20. dxe5 Rdf8
21. Ng1 Rhg8 22. Bf1 Bxf1 23. Rxf1 Nxe5 24. Ne2 Nc4 25. Qd4 h3 26. Rg1 Kb8 27.
Rg3 Nd6 28. Re3 Rg2+ 29. Ke1 Ne4 30. Ra3 c5 31. Qe5+ Qxe5 32. fxe5 Rxh2 33. Ng3
Nxg3 34. Rxg3 Rh1+ 35. Ke2 Rxa1 36. e6 0-1

[Event "Hull op"]
[Site "Hull CAN"]
[Date "1998.10.25"]
[Round "4"]
[White "Galustov, Karen"]
[Black "Brodie, Hugh"]
[Result "1/2-1/2"]
[WhiteElo "1780"]
[BlackElo "2030"]
[PlyCount "37"]
[EventDate "1998.10.23"]
[EventType "swiss"]
[EventRounds "5"]
[EventCountry "CAN"]

1. d4 e6 2. c4 f5 3. Nc3 Nf6 4. Bg5 Bb4 5. Nf3 O-O 6. e3 b6 7. Bd3 Bb7 8. O-O
Bxc3 9. bxc3 Qe8 10. Bxf6 Rxf6 11. Qe2 d6 12. e4 Nd7 13. Rfe1 f4 14. Rab1 e5
15. Qc2 Rh6 16. Qb3 c5 17. d5 Nf6 18. a4 Bc8 19. Ra1 1/2-1/2

[Event "Outaouais op"]
[Site "Hull CAN"]
[Date "1998.10.23"]
[Round "1"]
[White "Brodie, Hugh"]
[Black "Saint Amand, Paul"]
[Result "1/2-1/2"]
[WhiteElo "2031"]
[BlackElo "2136"]
[PlyCount "58"]
[EventDate "1998.10.23"]
[EventType "swiss"]
[EventRounds "5"]
[EventCountry "CAN"]

1. e4 c5 2. Nf3 d6 3. c3 Nf6 4. Bd3 e6 5. O-O Be7 6. Bc2 O-O 7. d4 cxd4 8. cxd4
Nc6 9. Nc3 a6 10. Qe2 Qc7 11. Rd1 Rd8 12. Bg5 h6 13. Bh4 Bd7 14. Rac1 Qb8 15.
Bb1 Be8 16. e5 dxe5 17. dxe5 Rxd1+ 18. Rxd1 Nh7 19. Bxe7 Nxe7 20. Ne4 Nc6 21.
Nd6 Qc7 22. Nd4 Nxd4 23. Rxd4 Bc6 24. h4 Nf8 25. Qd3 Bd5 26. Bc2 Qa5 27. Qc3
Qxc3 28. bxc3 b5 29. a4 Nd7 1/2-1/2

[Event "CAN-op"]
[Site "Ottawa CAN"]
[Date "1998.07.11"]
[Round "1"]
[White "Schleifer, Michael"]
[Black "Brodie, Hugh"]
[Result "1/2-1/2"]
[WhiteElo "2450"]
[BlackElo "2080"]
[PlyCount "155"]
[EventDate "1998.07.11"]
[EventType "swiss"]
[EventRounds "10"]
[EventCountry "CAN"]

1. d4 e6 2. e4 d5 3. Nc3 dxe4 4. Nxe4 Nd7 5. Nf3 Ngf6 6. Nxf6+ Nxf6 7. Bc4 Bd6
8. O-O O-O 9. Bg5 h6 10. Bh4 g5 11. Bg3 b6 12. Ne5 Bb7 13. Re1 Kg7 14. Bb5 c5
15. a4 Rc8 16. c3 cxd4 17. Qxd4 Bc5 18. Qxd8 Rfxd8 19. Be2 Ne4 20. a5 Nxg3 21.
hxg3 bxa5 22. Rxa5 Bb6 23. Raa1 Rd2 24. c4 Rxb2 25. c5 Bxc5 26. Nd3 Rc2 27.
Nxc5 R8xc5 28. Rxa7 Rb2 29. Bf3 Bxf3 30. gxf3 Rcc2 31. Rf1 Kg6 32. Kg2 Re2 33.
Ra8 Kg7 34. Ra5 e5 35. Ra4 f6 36. g4 Kg6 37. Rc4 Ra2 38. Rb4 Rac2 39. Ra4 Rb2
40. Rc4 Rbd2 41. Ra4 h5 42. gxh5+ Kxh5 43. Ra3 Kg6 44. Kg3 Kf5 45. Re3 Ra2 46.
Rxe2 Rxe2 47. Rb1 Rd2 48. Rb4 Rd1 49. Kg2 Re1 50. Rb6 e4 51. fxe4+ Rxe4 52. Ra6
Re6 53. Ra4 Kg6 54. Rb4 f5 55. Rb5 g4 56. Rb8 Kg5 57. Rg8+ Kf4 58. Ra8 Re4 59.
Rb8 Ra4 60. Rc8 Ra3 61. Rc4+ Kg5 62. Rc8 Ra4 63. Rg8+ Kf4 64. Rb8 Ra3 65. Rb4+
Kg5 66. Rb8 Rf3 67. Rg8+ Kf6 68. Ra8 Ke5 69. Ra5+ Kd4 70. Ra4+ Kc5 71. Ra8 Kc4
72. Rc8+ Kd3 73. Rd8+ Ke2 74. Re8+ Kd2 75. Rd8+ Rd3 76. Rf8 Rf3 77. Rd8+ Rd3
78. Rf8 1/2-1/2

[Event "CAN-op"]
[Site "Ottawa CAN"]
[Date "1998.07.12"]
[Round "2"]
[White "Noble, Matthew"]
[Black "Brodie, Hugh"]
[Result "1-0"]
[WhiteElo "2410"]
[BlackElo "2080"]
[PlyCount "81"]
[EventDate "1998.07.11"]
[EventType "swiss"]
[EventRounds "10"]
[EventCountry "CAN"]

1. c4 f5 2. Nf3 Nf6 3. g3 e6 4. Bg2 Be7 5. O-O O-O 6. b3 c5 7. e3 Nc6 8. Bb2 d5
9. cxd5 exd5 10. d4 cxd4 11. Nxd4 Nxd4 12. Qxd4 Be6 13. Nc3 Qa5 14. Rfd1 Rfd8
15. Ne2 Qb4 16. Qxb4 Bxb4 17. Bxf6 gxf6 18. Nf4 Kf7 19. Nxd5 Bd6 20. Rd3 Rab8
21. Rad1 Bf8 22. Nf4 Rxd3 23. Rxd3 b6 24. Bd5 Bxd5 25. Rxd5 Rb7 26. Rxf5 Rd7
27. Rd5 Rc7 28. Kg2 Ba3 29. Kf3 Ke8 30. Rd2 Bc1 31. Nd5 Rc6 32. Nb4 Re6 33. Rd1
Ba3 34. Nc2 Be7 35. Nd4 Rd6 36. Rc1 Rd5 37. Rc7 a5 38. Ke4 Re5+ 39. Kd3 Rd5 40.
e4 Rd8 41. Kc4 1-0

[Event "CAN-op"]
[Site "Ottawa CAN"]
[Date "1998.07.12"]
[Round "3"]
[White "Brodie, Hugh"]
[Black "Venning, Ron"]
[Result "1-0"]
[WhiteElo "2080"]
[BlackElo "1665"]
[PlyCount "78"]
[EventDate "1998.07.11"]
[EventType "swiss"]
[EventRounds "10"]
[EventCountry "CAN"]

1. e4 d5 2. d4 dxe4 3. Nc3 Bf5 4. Bc4 Nf6 5. f3 exf3 6. Nxf3 e6 7. O-O Bd6 8.
Ne2 Nbd7 9. c3 h6 10. Nf4 Qe7 11. Nd3 O-O-O 12. Qe2 g5 13. Nfe5 Bxd3 14. Nxd3
Rhg8 15. Bb3 h5 16. a4 Ng4 17. h3 Ngf6 18. Ne5 Nxe5 19. dxe5 Bc5+ 20. Be3 Nd7
21. Bd4 g4 22. Qe3 gxh3 23. Qxh3 Nxe5 24. Rad1 Kb8 25. Qe3 Bxd4 26. Rxd4 Rxd4
27. Qxd4 Qg5 28. Qf2 a6 29. Kh1 Ka8 30. Rd1 Ng4 31. Qg3 Qc5 32. Rf1 Qb6 33. Bd1
Kb8 34. b4 Qd6 35. Qxd6 cxd6 36. Rxf7 Ne3 37. Bf3 Nd1 38. Bxd1 Rc8 39. Rf3 d5
1-0

[Event "CAN-op"]
[Site "Ottawa CAN"]
[Date "1998.07.13"]
[Round "4"]
[White "Brodie, Hugh"]
[Black "Holmes, Mike"]
[Result "1/2-1/2"]
[WhiteElo "2080"]
[BlackElo "1880"]
[PlyCount "58"]
[EventDate "1998.07.11"]
[EventType "swiss"]
[EventRounds "10"]
[EventCountry "CAN"]

1. e4 c6 2. d4 d5 3. Nc3 dxe4 4. Nxe4 Bf5 5. Ng3 Bg6 6. Bc4 e6 7. N1e2 Bd6 8.
Nf4 Qc7 9. Nxg6 hxg6 10. Qf3 Nf6 11. c3 Nbd7 12. Bg5 O-O-O 13. O-O-O Rde8 14.
Kb1 Nh7 15. Bd2 Nhf6 16. h3 Nb6 17. Bb3 Nh5 18. Ne4 Bf4 19. Bxf4 Nxf4 20. h4
Kb8 21. g3 Nh5 22. Rhe1 Re7 23. Re2 Rd8 24. Rde1 Nd5 25. Ng5 Nhf6 26. Re5 Nd7
27. R5e2 N7f6 28. Re5 Nd7 29. R5e2 N7f6 1/2-1/2

[Event "CAN-op"]
[Site "Ottawa CAN"]
[Date "1998.07.14"]
[Round "5"]
[White "Puiras, Jarmo"]
[Black "Brodie, Hugh"]
[Result "0-1"]
[WhiteElo "1855"]
[BlackElo "2080"]
[PlyCount "104"]
[EventDate "1998.07.11"]
[EventType "swiss"]
[EventRounds "10"]
[EventCountry "CAN"]

1. d4 e6 2. c4 f5 3. Nc3 Nf6 4. Nf3 Bb4 5. a3 Bxc3+ 6. bxc3 b6 7. e3 Bb7 8. Be2
O-O 9. O-O Ne4 10. Bb2 d6 11. d5 e5 12. Qc2 Nd7 13. g3 Ndc5 14. Nh4 f4 15. exf4
exf4 16. Rae1 Bc8 17. Bf3 Ng5 18. Re2 Nxf3+ 19. Nxf3 Bg4 20. Nd4 Bxe2 21. Qxe2
Qe8 22. Ne6 f3 23. Qe3 Nxe6 24. dxe6 Qh5 25. h4 Rae8 26. Re1 Qg4 27. Kh2 Rf6
28. Qg5 Qxg5 29. hxg5 Rfxe6 30. Rxe6 Rxe6 31. Bc1 Re2 32. Be3 Kf7 33. Kh3 Rc2
34. Bd4 c5 35. Be3 Rxc3 36. Bf4 Ke6 37. Kg4 Rxa3 38. g6 hxg6 39. Kg5 Ra2 40.
Be3 Re2 41. Kf4 d5 42. Kxf3 Rxe3+ 43. Kxe3 dxc4 44. Kd2 b5 45. Kc3 Kd5 46. f3
b4+ 47. Kc2 c3 48. Kd3 c4+ 49. Kc2 Kd4 50. f4 b3+ 51. Kc1 c2 52. g4 Kc3 0-1

[Event "CAN-op"]
[Site "Ottawa CAN"]
[Date "1998.07.15"]
[Round "6"]
[White "Brodie, Hugh"]
[Black "Van der Meer, Ben"]
[Result "1/2-1/2"]
[WhiteElo "2080"]
[BlackElo "1755"]
[PlyCount "62"]
[EventDate "1998.07.11"]
[EventType "swiss"]
[EventRounds "10"]
[EventCountry "CAN"]

1. f4 b6 2. Nf3 Bb7 3. e3 Nf6 4. b3 e6 5. Bb2 c5 6. Be2 Nc6 7. O-O Be7 8. Bb5
O-O 9. Bxc6 Bxc6 10. d3 d6 11. Qe1 Nd5 12. Nbd2 f5 13. c4 Nc7 14. Qg3 Bf6 15.
Bxf6 Rxf6 16. Rae1 Kh8 17. e4 Qd7 18. exf5 exf5 19. Rf2 Re8 20. Rfe2 Rfe6 21.
Rxe6 Rxe6 22. Rxe6 Nxe6 23. Qh4 Qf7 24. Kf2 Qg6 25. g3 Qf6 26. Qxf6 gxf6 27.
Ke3 Bxf3 28. Nxf3 Kg8 29. d4 Kf7 30. d5 Ng7 31. Nh4 Ke7 1/2-1/2

[Event "CAN-op"]
[Site "Ottawa CAN"]
[Date "1998.07.16"]
[Round "7"]
[White "Bellgrau, Marian"]
[Black "Brodie, Hugh"]
[Result "1-0"]
[WhiteElo "1910"]
[BlackElo "2080"]
[PlyCount "91"]
[EventDate "1998.07.11"]
[EventType "swiss"]
[EventRounds "10"]
[EventCountry "CAN"]

1. c4 f5 2. Nc3 Nf6 3. d3 b6 4. Bg5 e6 5. e4 fxe4 6. dxe4 e5 7. Bxf6 Qxf6 8.
Nd5 Qd6 9. Qg4 c6 10. Nc3 Na6 11. Nf3 g6 12. a3 Nc5 13. Rd1 Qf6 14. Qg3 d6 15.
b4 Ne6 16. b5 Bb7 17. bxc6 Bxc6 18. Nd5 Bxd5 19. cxd5 Nc5 20. Bb5+ Ke7 21. Nd2
Bg7 22. O-O Rhf8 23. Qh3 Rad8 24. Rc1 h5 25. Kh1 Rf7 26. Rc3 Qf4 27. Nb3 Qxe4
28. Nxc5 bxc5 29. Qe6+ Kf8 30. Bd3 Qd4 31. Bxg6 Rf6 32. Rf3 Rxf3 33. gxf3 Qf4
34. Bxh5 Qf6 35. Qg4 Rb8 36. Qa4 Qe7 37. Rg1 Rb2 38. Qg4 Rb8 39. Qf5+ Qf6 40.
Qd7 a5 41. Rg6 Qe7 42. Qxe7+ Kxe7 43. Rxg7+ Kf6 44. Ra7 Rb2 45. Kg2 Rd2 46. Bf7
1-0

[Event "CAN-op"]
[Site "Ottawa CAN"]
[Date "1998.07.17"]
[Round "8"]
[White "Brodie, Hugh"]
[Black "Basran, Jagdeep"]
[Result "1-0"]
[WhiteElo "2080"]
[BlackElo "1790"]
[PlyCount "131"]
[EventDate "1998.07.11"]
[EventType "swiss"]
[EventRounds "10"]
[EventCountry "CAN"]

1. e4 e6 2. Nf3 d5 3. e5 c5 4. b4 c4 5. a3 Ne7 6. d4 Ng6 7. Be2 Bd7 8. O-O a5
9. bxa5 Qxa5 10. Bd2 Qc7 11. Qc1 Be7 12. Qb2 O-O 13. Bb4 Bxb4 14. axb4 Rxa1 15.
Qxa1 Na6 16. c3 Ra8 17. g3 Qd8 18. Qb2 Nc7 19. Nbd2 Ra6 20. Ra1 Qa8 21. Rxa6
Qxa6 22. Kg2 Ba4 23. Ng1 Bc6 24. f4 Ne7 25. g4 g6 26. Kg3 Nb5 27. Bd1 Qa3 28.
Qxa3 Nxa3 29. Ne2 Nc8 30. Kf2 Nb6 31. Ke1 Na4 32. Bxa4 Bxa4 33. Nf3 Bc2 34. Kd2
Bd3 35. Nfg1 Kf8 36. Kc1 Kg7 37. g5 h5 38. h4 Kf8 39. Ng3 Ke7 40. N1e2 Kd7 41.
Kb2 Nc2 42. Nc1 Ne1 43. Nge2 Bxe2 44. Nxe2 Nf3 45. Kc2 Nxh4 46. Kd2 Nf5 47. Ng1
Kc6 48. Kc2 Kb5 49. Kb2 Ka4 50. Nh3 Ne3 51. Nf2 h4 52. Nh3 Nd1+ 53. Kc2 Ne3+
54. Kb2 Ng2 55. Ka2 Ne1 56. Kb2 b5 57. Ka2 Nd3 58. Ng1 Nxf4 59. Nf3 h3 60. Nh2
Ne2 61. Kb2 Ng3 62. Ng4 Ne4 63. Nh2 Nxg5 64. Ng4 Nf3 65. Nf6 h2 66. Nd7 1-0

[Event "CAN-op"]
[Site "Ottawa CAN"]
[Date "1998.07.18"]
[Round "9"]
[White "Peev, Pavel"]
[Black "Brodie, Hugh"]
[Result "1/2-1/2"]
[WhiteElo "1810"]
[BlackElo "2080"]
[PlyCount "59"]
[EventDate "1998.07.11"]
[EventType "swiss"]
[EventRounds "10"]
[EventCountry "CAN"]

1. e4 c5 2. Nf3 Nc6 3. d4 cxd4 4. Nxd4 g6 5. c3 Bg7 6. Be3 Nf6 7. f3 O-O 8. Qd2
d5 9. Nxc6 bxc6 10. e5 Nd7 11. f4 e6 12. Be2 f6 13. exf6 Bxf6 14. O-O e5 15.
fxe5 Nxe5 16. Na3 Bg4 17. h3 Bxe2 18. Qxe2 Qe7 19. Qd2 Rab8 20. b4 Qd7 21. Bc5
Be7 22. Bxe7 Qxe7 23. Nc2 Nc4 24. Qe1 Rxf1+ 25. Qxf1 Qe4 26. Nd4 Rf8 27. Qe2
Qxe2 28. Nxe2 Rf6 29. Nd4 Kf7 30. Rf1 1/2-1/2

[Event "National op"]
[Site "Las Vegas USA"]
[Date "1998.??.??"]
[Round "1"]
[White "Belakovskaia, Anjelina"]
[Black "Brodie, Hugh"]
[Result "1/2-1/2"]
[WhiteElo "2380"]
[BlackElo "2055"]
[PlyCount "70"]
[EventDate "1998.??.??"]
[EventType "swiss"]
[EventRounds "6"]
[EventCountry "USA"]

1. d4 e6 2. e4 d5 3. Nc3 dxe4 4. Nxe4 Nd7 5. Nf3 Ngf6 6. Ng3 c5 7. c3 cxd4 8.
Nxd4 Qc7 9. Be2 a6 10. O-O Bc5 11. c4 O-O 12. Nc2 b6 13. b3 Bb7 14. Bb2 Rad8
15. Qd3 Ne5 16. Qc3 Nc6 17. Rad1 Rxd1 18. Rxd1 Rd8 19. Rxd8+ Qxd8 20. Ne4 e5
21. Nxf6+ Qxf6 22. Bf3 Nd4 23. Nxd4 Bxd4 24. Qe1 e4 25. Bxd4 Qxd4 26. Qd1 Qxd1+
27. Bxd1 Kf8 28. Kf1 Ke7 29. Ke2 Kd6 30. Ke3 Ke5 31. h4 f5 32. g3 g6 33. f4+
exf3 34. Bxf3 Bxf3 35. Kxf3 h6 1/2-1/2

[Event "National op"]
[Site "Las Vegas USA"]
[Date "1998.??.??"]
[Round "2"]
[White "Brodie, Hugh"]
[Black "Maki, James"]
[Result "1-0"]
[WhiteElo "2055"]
[BlackElo "2370"]
[PlyCount "73"]
[EventDate "1998.??.??"]
[EventType "swiss"]
[EventRounds "6"]
[EventCountry "USA"]

1. Nf3 d5 2. c4 c6 3. b3 Nf6 4. g3 g6 5. Bg2 Bg7 6. Bb2 O-O 7. O-O Nbd7 8. Qc2
Re8 9. Ne5 Nxe5 10. Bxe5 Bf5 11. Qb2 Qd7 12. d3 Bh3 13. Nd2 Bxg2 14. Kxg2 b5
15. cxd5 cxd5 16. Rac1 Rac8 17. Nf3 Bh6 18. e3 Nh5 19. Rxc8 Rxc8 20. Rc1 f6 21.
Rxc8+ Qxc8 22. Qc3 Qa8 23. Bc7 e5 24. Qc5 Qb7 25. Qe7 Bf8 26. Qe6+ Kg7 27. Qd7+
Kg8 28. Qe6+ Kh8 29. Qe8 Kg7 30. Qd7+ Kh6 31. g4 Ng7 32. g5+ fxg5 33. Nxe5 d4+
34. e4 Nf5 35. Ng4+ Kh5 36. Qxh7+ Bh6 37. Nf6+ 1-0

[Event "National op"]
[Site "Las Vegas USA"]
[Date "1998.??.??"]
[Round "3"]
[White "Pupols, Viktors"]
[Black "Brodie, Hugh"]
[Result "1-0"]
[WhiteElo "2310"]
[BlackElo "2055"]
[PlyCount "197"]
[EventDate "1998.??.??"]
[EventType "swiss"]
[EventRounds "6"]
[EventCountry "USA"]

1. d4 e6 2. c4 f5 3. g3 Nf6 4. Bg2 d5 5. Nf3 c6 6. O-O Bd6 7. Bf4 Bxf4 8. gxf4
O-O 9. Nbd2 Ne4 10. Ne5 Nd7 11. e3 Qh4 12. Ndf3 Qe7 13. Ne1 Nxe5 14. fxe5 Bd7
15. f3 Ng5 16. c5 Be8 17. Nd3 Nf7 18. Qd2 Nh6 19. Kh1 Kh8 20. Rf2 g5 21. Rg1
Rg8 22. Bf1 Bh5 23. Be2 Rg7 24. Rg3 Nf7 25. Kg1 Rag8 26. Kf1 Bg6 27. Ke1 h5 28.
Kd1 h4 29. Rg1 Bh5 30. Kc2 b6 31. Kb1 bxc5 32. dxc5 Qc7 33. Qc3 Bg6 34. f4 g4
35. Rff1 Rb8 36. Bd1 Nd8 37. Rf2 Qb7 38. Rc2 Qb5 39. Nc1 Qb7 40. Ne2 Qb5 41.
Nd4 Qb7 42. Qe1 Qe7 43. Rc3 Be8 44. Be2 Rh7 45. Qd2 Bd7 46. Rgc1 Bc8 47. Ra3
Qc7 48. Bf1 Rb7 49. Rc2 Qb8 50. Ra4 Kg8 51. Qa5 Qc7 52. Qe1 Qb8 53. Rg2 Kf8 54.
Ba6 Rbd7 55. Bd3 Rb7 56. Kc1 Ke8 57. b4 Qc7 58. Ra3 Kf8 59. Rb3 Rb8 60. Rgb2
Qe7 61. Rc2 Qc7 62. Kb2 Ke8 63. Be2 Ra8 64. b5 Rb8 65. a4 Bd7 66. Qc3 Kf8 67.
Ka2 Ke8 68. Rcb2 Kf8 69. b6 axb6 70. Rxb6 Rxb6 71. cxb6 Qb8 72. a5 g3 73. hxg3
hxg3 74. Bf3 Rh2 75. Bg2 Qb7 76. Nf3 c5 77. Qxc5+ Kf7 78. Nd4 Nc6 79. Rc2 Nxd4
80. exd4 Qa6 81. Rb2 Bc8 82. Qc7+ Kg6 83. Qc3 Kf7 84. Ka3 Bb7 85. Kb4 Qa8 86.
Qxg3 Rh8 87. Rc2 Rc8 88. Rxc8 Qxc8 89. Qc3 Kf8 90. Qc5+ Kf7 91. Qc7+ Qxc7 92.
bxc7 Ke7 93. Kc5 Kd7 94. Kb6 Kc8 95. Bf1 Ba8 96. a6 Bc6 97. a7 Kd7 98. Bb5 Bxb5
99. a8=Q 1-0

[Event "National op"]
[Site "Las Vegas USA"]
[Date "1998.??.??"]
[Round "4"]
[White "Brodie, Hugh"]
[Black "Leykekhman, Dmitriy"]
[Result "0-1"]
[WhiteElo "2055"]
[BlackElo "2320"]
[PlyCount "50"]
[EventDate "1998.??.??"]
[EventType "swiss"]
[EventRounds "6"]
[EventCountry "USA"]

1. Nf3 d5 2. c4 Nf6 3. b3 Bf5 4. g3 c6 5. Bg2 Nbd7 6. Bb2 Qc7 7. Nh4 Bg6 8. d3
e6 9. Nd2 Be7 10. O-O Bh5 11. Rc1 Qa5 12. Rc2 O-O 13. Nhf3 Bd6 14. Qa1 Rfe8 15.
Rfc1 Qd8 16. cxd5 exd5 17. Nf1 a5 18. Ne3 a4 19. Qb1 axb3 20. axb3 Bf8 21. Bc3
Qb6 22. Ra2 Rxa2 23. Qxa2 Bxf3 24. Bxf3 Rxe3 25. Ba5 Qa7 0-1

[Event "National op"]
[Site "Las Vegas USA"]
[Date "1998.??.??"]
[Round "5"]
[White "Cohen, Jason"]
[Black "Brodie, Hugh"]
[Result "0-1"]
[WhiteElo "2140"]
[BlackElo "2055"]
[PlyCount "102"]
[EventDate "1998.??.??"]
[EventType "swiss"]
[EventRounds "6"]
[EventCountry "USA"]

1. d4 e6 2. c4 f5 3. Nf3 Nf6 4. Bf4 Bb4+ 5. Nbd2 b6 6. a3 Bxd2+ 7. Nxd2 Bb7 8.
e3 O-O 9. f3 d6 10. Qc2 Nbd7 11. Bd3 Qe8 12. e4 fxe4 13. Nxe4 e5 14. dxe5 dxe5
15. Be3 Nxe4 16. Bxe4 Bxe4 17. Qxe4 Nf6 18. Qh4 e4 19. O-O exf3 20. Rxf3 c5 21.
Bg5 Nd7 22. Re1 Qg6 23. Rfe3 Rae8 24. Be7 Rf5 25. b4 cxb4 26. axb4 h6 27. c5
bxc5 28. bxc5 Rc8 29. Re6 Qf7 30. c6 Nb6 31. Qg4 Rf4 32. Qe2 Rc4 33. Qe5 R4xc6
34. Rxc6 Rxc6 35. Rf1 Qe6 36. Qb8+ Nc8 37. Bh4 Qd6 38. Qb7 Qc7 39. Qb3+ Kh7 40.
Qd3+ Kg8 41. Qd5+ Kh7 42. Bd8 Qd6 43. Qf5+ Qg6 44. Qd7 Rc2 45. Qd5 Nd6 46. h3
Ne4 47. g4 Nc3 48. Qf3 Ne2+ 49. Kh1 Nd4 50. Qf4 Qc6+ 51. Rf3 Qxf3+ 0-1

[Event "National op"]
[Site "Las Vegas USA"]
[Date "1998.??.??"]
[Round "6"]
[White "Brodie, Hugh"]
[Black "London, Alexander"]
[Result "0-1"]
[WhiteElo "2055"]
[BlackElo "2210"]
[PlyCount "130"]
[EventDate "1998.??.??"]
[EventType "swiss"]
[EventRounds "6"]
[EventCountry "USA"]

1. e4 e5 2. Nc3 Bc5 3. Bc4 Nc6 4. Qg4 Bf8 5. Qf3 Nf6 6. Nge2 d6 7. Nd5 Be7 8.
c3 Na5 9. Bd3 Be6 10. Bc2 c6 11. Nxf6+ Bxf6 12. d4 O-O 13. d5 Bd7 14. Ng3 g6
15. Bh6 Bg7 16. Bxg7 Kxg7 17. h4 h5 18. Qd3 cxd5 19. exd5 b5 20. O-O-O Nb7 21.
f4 Bg4 22. Rde1 Nc5 23. Qe3 exf4 24. Qxf4 a5 25. Ne4 Nxe4 26. Rxe4 b4 27. g3
bxc3 28. bxc3 Rc8 29. Rc4 Rxc4 30. Qxc4 Qf6 31. Rf1 Qe5 32. Qd4 Qxd4 33. cxd4
Re8 34. Rg1 Bf3 35. Bb3 Re4 36. Rf1 Bg4 37. Kd2 Rxd4+ 38. Ke3 Rb4 39. Rb1 Bf5
40. a3 Bxb1 41. axb4 axb4 42. Kd4 Kf6 43. Kc4 Ke5 44. Kxb4 Be4 45. Kc3 Bxd5 46.
Bc2 Be4 47. Bd1 d5 48. Kd2 Kd4 49. Be2 Bf5 50. Bf3 Bg4 51. Bg2 Be6 52. Bf3 Ke5
53. Bg2 d4 54. Bf3 Bd5 55. Bd1 Be4 56. Bb3 f5 57. Bd1 f4 58. g4 f3 59. gxh5
gxh5 60. Ke1 Kf4 61. Kf2 Kg4 62. Ba4 Kxh4 63. Bd7 Kg5 64. Kg3 h4+ 65. Kf2 Kf4
0-1

[Event "Pere Noel"]
[Site "Montreal CAN"]
[Date "1997.12.26"]
[Round "1"]
[White "Brodie, Hugh"]
[Black "Sarwer, Jeff"]
[Result "0-1"]
[WhiteElo "1966"]
[BlackElo "2264"]
[PlyCount "71"]
[EventDate "1997.12.26"]
[EventType "swiss"]
[EventRounds "5"]
[EventCountry "CAN"]

1. e4 e5 2. Nc3 Nf6 3. f4 d6 4. Nf3 Nc6 5. Bc4 Be7 6. d3 Bg4 7. h3 Bxf3 8. Qxf3
Nd4 9. Qd1 c6 10. O-O b5 11. Bb3 O-O 12. Ne2 Nxb3 13. axb3 Qb6+ 14. Kh2 Rfe8
15. fxe5 dxe5 16. Ng3 Rad8 17. Qf3 Rd7 18. Be3 Bc5 19. Bg5 Re6 20. Nf5 Ne8 21.
Qg4 Kh8 22. Rf3 Qc7 23. Raf1 h6 24. Qh4 Kh7 25. Nxh6 gxh6 26. Rf6 Rxf6 27. Rxf6
Bf8 28. Bxh6 Nxf6 29. Bg5+ Kg6 30. Bxf6 Bh6 31. Bh8 Qd6 32. Qg4+ Kh7 33. Bf6
Qe6 34. Qh4 Kg6 35. Bh8 Bg5 36. Qf2 0-1

[Event "Pere Noel"]
[Site "Montreal CAN"]
[Date "1997.12.27"]
[Round "2"]
[White "Plante, Michel"]
[Black "Brodie, Hugh"]
[Result "1-0"]
[WhiteElo "1851"]
[BlackElo "1966"]
[PlyCount "138"]
[EventDate "1997.12.26"]
[EventType "swiss"]
[EventRounds "5"]
[EventCountry "CAN"]

1. d4 e6 2. c4 f5 3. g3 Nf6 4. Bg2 d5 5. Nh3 c6 6. O-O Bd6 7. f3 O-O 8. Nd2 e5
9. cxd5 cxd5 10. dxe5 Qb6+ 11. Kh1 Bxe5 12. Qb3 Qxb3 13. Nxb3 Nc6 14. Nf4 Bc7
15. Rd1 Rd8 16. Nd3 Na5 17. Nxa5 Bxa5 18. Bg5 Kf7 19. Rac1 Bb6 20. Nc5 h6 21.
Bd2 Bxc5 22. Rxc5 Be6 23. Rc7+ Rd7 24. Rdc1 Rad8 25. Kg1 Rxc7 26. Rxc7+ Rd7 27.
Rxd7+ Bxd7 28. Bc3 Ne8 29. Be5 Ke6 30. Bd4 b6 31. e3 Bb5 32. Kf2 g6 33. Ke1 Nd6
34. Kd2 Ba6 35. b3 Nb5 36. Bg7 h5 37. a4 Nd6 38. Bd4 Kd7 39. h4 Ke6 40. Kc3 Be2
41. Kd2 Ba6 42. Bh3 Kd7 43. Be5 Ke6 44. Bxd6 Kxd6 45. Kc3 Be2 46. Bg2 Kc5 47.
b4+ Kd6 48. Kd4 Ke6 49. e4 dxe4 50. fxe4 Bd1 51. a5 Bc2 52. e5 Bb3 53. Bb7 Ba2
54. Bc8+ Ke7 55. Ke3 Kd8 56. Ba6 Kd7 57. Bb5+ Ke7 58. Kf4 Bb1 59. Bc4 Bc2 60.
Kg5 Be4 61. Bg8 Bd3 62. Kh6 Be4 63. Bb3 Bd3 64. Bd5 Be4 65. Bg8 Bd3 66. Kg7 Be4
67. Bf7 Bd3 68. Bxg6 Ke6 69. Bxh5 Kxe5 1-0

[Event "Pere Noel"]
[Site "Montreal CAN"]
[Date "1997.12.28"]
[Round "3"]
[White "Dumesnil, Etienne"]
[Black "Brodie, Hugh"]
[Result "1/2-1/2"]
[WhiteElo "1789"]
[BlackElo "1966"]
[PlyCount "39"]
[EventDate "1997.12.26"]
[EventType "swiss"]
[EventRounds "5"]
[EventCountry "CAN"]

1. e4 c5 2. Nf3 Nc6 3. d4 cxd4 4. Nxd4 g6 5. Nc3 Bg7 6. Be3 Nf6 7. f3 O-O 8.
Qd2 d5 9. exd5 Nxd5 10. Nxd5 Nxd4 11. Bxd4 Qxd5 12. Bxg7 Qxd2+ 13. Kxd2 Rd8+
14. Ke3 Kxg7 15. Bc4 Kf6 16. Rad1 Be6 17. Bxe6 Kxe6 18. c3 Rac8 19. Rhe1 f6 20.
f4 1/2-1/2

[Event "Pere Noel"]
[Site "Montreal CAN"]
[Date "1997.12.30"]
[Round "5"]
[White "Pnevmonidis, Pantelis"]
[Black "Brodie, Hugh"]
[Result "1-0"]
[WhiteElo "2101"]
[BlackElo "1966"]
[PlyCount "157"]
[EventDate "1997.12.26"]
[EventType "swiss"]
[EventRounds "5"]
[EventCountry "CAN"]

1. e4 e5 2. Nc3 Bc5 3. Bc4 Nf6 4. Nf3 d6 5. d3 Nc6 6. Bg5 h6 7. Bh4 Bg4 8. h3
Bxf3 9. Qxf3 Nd4 10. Qd1 Ne6 11. Bg3 Qd7 12. Nd5 Nxd5 13. Bxd5 c6 14. Bb3 O-O
15. Qg4 Rae8 16. O-O Qe7 17. Kh1 Qg5 18. f4 Qxg4 19. hxg4 exf4 20. Bxf4 Nxf4
21. Rxf4 Bd4 22. c3 Be5 23. Rf2 Re7 24. Raf1 Bf6 25. Kh2 Bg5 26. Bc2 f6 27. d4
Rd8 28. Rf5 g6 29. R5f3 Kg7 30. g3 d5 31. exd5 Rxd5 32. Kg2 Rd8 33. R3f2 Rde8
34. Kf3 Re3+ 35. Kg2 Re1 36. c4 Rc1 37. Rxc1 Bxc1 38. d5 Rd8 39. dxc6 bxc6 40.
Be4 c5 41. Bd5 Re8 42. Rc2 Bg5 43. Kf2 Be3+ 44. Kg2 Bd4 45. b3 Re3 46. Bf3 Kf8
47. Re2 Rc3 48. Rd2 a5 49. Be4 g5 50. Rc2 Re3 51. Bf3 Be5 52. Kf2 Bd4 53. Kg2
Re1 54. Rd2 Rg1+ 55. Kh2 Rc1 56. Bd5 Ke7 57. Re2+ Kd7 58. Kg2 Rc3 59. Be6+ Kd6
60. Bd5 Be5 61. Bf3 Kc7 62. Rf2 Kb6 63. Rf1 a4 64. bxa4 Rxc4 65. Rb1+ Ka5 66.
Bd1 Rc3 67. Rb5+ Ka6 68. Rb3 Rc1 69. Be2+ Ka5 70. Rb7 Kxa4 71. Ra7+ Kb4 72.
Rb7+ Ka5 73. Ra7+ Kb6 74. Ra6+ Kb7 75. Ra4 Rc2 76. Kf3 Rc3+ 77. Ke4 Rxg3 78.
Kf5 Re3 79. Bc4 1-0

[Event "Ottawa op"]
[Site "Ottawa CAN"]
[Date "1997.??.??"]
[Round "1"]
[White "Brodie, Hugh"]
[Black "O'Donnell, Tom"]
[Result "0-1"]
[WhiteElo "2095"]
[BlackElo "2420"]
[PlyCount "60"]
[EventDate "1997.09.27"]
[EventType "swiss"]
[EventRounds "5"]
[EventCountry "CAN"]

1. Nf3 d5 2. c4 e6 3. g3 Nf6 4. Bg2 Be7 5. b3 b6 6. Bb2 O-O 7. O-O Bb7 8. d3 c5
9. cxd5 Nxd5 10. Nc3 Bf6 11. Qd2 Nxc3 12. Bxc3 Nc6 13. Rac1 Qe7 14. Qb2 Bxc3
15. Qxc3 Rfd8 16. Qb2 Rac8 17. Rc4 Rc7 18. Rfc1 Rcd7 19. Qa1 f6 20. Qb2 Qd6 21.
Bh3 Na5 22. R4c3 Bxf3 23. exf3 Nc6 24. Qe2 Re7 25. f4 e5 26. fxe5 Rxe5 27. Qb2
Nd4 28. Bg4 Rde8 29. Kg2 Qd5+ 30. Kh3 Rh5+ 0-1